Back to front (Record no. 114742)

MARC details
000 -LEADER
fixed length control field 01173cad a22002175a 4500
001 - CONTROL NUMBER
control field L157383
008 - FIXED-LENGTH DATA ELEMENTS--GENERAL INFORMATION
fixed length control field 121120s2012 xxk f 000 0 eng d
035 ## - SYSTEM CONTROL NUMBER
System control number (Sirsi) u157383
041 0# - LANGUAGE CODE
Language code of text/sound track or separate title eng
110 2# - MAIN ENTRY--CORPORATE NAME
Corporate name or jurisdiction name as entry element Savills
9 (RLIN) 2020
245 00 - TITLE STATEMENT
Title Back to front
Remainder of title How the extreme conditions of the five past years will influence the next five
Medium [electronic resource]
260 ## - PUBLICATION, DISTRIBUTION, ETC.
Place of publication, distribution, etc. London
Name of publisher, distributor, etc. Savills
Date of publication, distribution, etc. 2012
490 #0 - SERIES STATEMENT
Series statement Savills Residential Property Focus
Volume/sequential designation 4 Qr 2012
520 ## - SUMMARY, ETC.
Summary, etc. Five year house price forecasts 2013 to 2017 reflect the realities of a market which favours equity rich households and excludes those with a high borrowing requirement. Comments on predictions for the mainstream and prime market sectors including regional differences. Assesses supply and demand issues for Generation Rent with forecasts for growth across all private rented sectors. Concludes with a review of prospects for house building.
590 ## - LOCAL NOTE (RLIN)
Local note KA
651 #4 - SUBJECT ADDED ENTRY--GEOGRAPHIC NAME
Geographic name United Kingdom
Chronological subdivision
690 ## - LOCAL SUBJECT ADDED ENTRY--TOPICAL TERM (OCLC, RLIN)
Topical term or geographic name as entry element Residential property
9 (RLIN) 6266
690 ## - LOCAL SUBJECT ADDED ENTRY--TOPICAL TERM (OCLC, RLIN)
Topical term or geographic name as entry element Investments
9 (RLIN) 6250
856 40 - ELECTRONIC LOCATION AND ACCESS
Uniform Resource Identifier <a href="https://pdf.euro.savills.co.uk/residential---other/rpf-q412-lr.pdf">https://pdf.euro.savills.co.uk/residential---other/rpf-q412-lr.pdf</a>
Public note View the report at www.savills.co.uk
942 ## - ADDED ENTRY ELEMENTS (KOHA)
Suppress in OPAC 0
Holdings
Withdrawn status Lost status Source of classification or shelving scheme Damaged status Not for loan Home library Current library Shelving location Date acquired Total Checkouts Full call number Barcode Date last seen Copy number Price effective from Koha item type
    Dewey Decimal Classification     Virtual Virtual Online 20/11/2012   ONLINE PUBLICATION 157383-2001 06/08/2019 1 06/08/2019 Book